Bandiere con il Verde- Morte subita - Statistics

Statistiche generali
  • Questo quiz è stato fatto 76 volte
  • Il punteggio medio è 14 su 24
Answers on the Grid
Answers color-coded by a green-red scale on the quiz's grid according to % correct below.
Arabia Saudita
Bangladesh
Bulgaria
Camerun
Madagascar
Etiopia
Gabon
Gambia
Grenada
Isole Salomone
Kuwait
Malawi
Mali
Mozambico
Niger
Portogallo
Senegal
Sudan del Sud
Suriname
Tagikistan
Vanuatu
Zimbabwe
Saint Kitts e Nevis
Mauritius
Angola
Argentina
Austria
Corea del Nord
Costa Rica
Filippine
Georgia
Francia
Indonesia
Islanda
Laos
Lettonia
Mongolia
Nepal
Palau
Perù
Qatar
Regno Unito
Romania
Repubblica Democratica del Congo
Svezia
Svizzera
Thailandia
Trinidad e Tobago
 
Statistiche sulle risposte
Risposta % Corretto
Arabia Saudita
76%
Etiopia
73%
Bangladesh
70%
Bulgaria
70%
Madagascar
70%
Niger
70%
Portogallo
70%
Senegal
67%
Gabon
61%
Gambia
61%
Mali
61%
Sudan del Sud
61%
Camerun
58%
Kuwait
58%
Suriname
58%
Mozambico
55%
Grenada
48%
Mauritius
48%
Saint Kitts e Nevis
48%
Tagikistan
48%
Isole Salomone
45%
Zimbabwe
45%
Vanuatu
42%
Malawi
39%
Nessun quiz corrispondente trovato
Distribuzione punteggi
Percentuale di utenti per punteggio
Percentile per numero di risposta
I tuoi punteggi nel tempo
Non hai fatto questo quiz